[Event "Dortmund SuperGM 39th"]
[Site "Dortmund"]
[Date "2011.07.27"]
[Round "6"]
[White "Le, Quang Liem"]
[Black "Meier, Georg"]
[Result "1/2-1/2"]
[WhiteElo "2715"]
[BlackElo "2656"]
[Annotator "Meier,Georg"]
[PlyCount "75"]
[EventDate "2011.07.21"]
[EventType "tourn"]
[EventRounds "10"]
[EventCountry "GER"]
[EventCategory "20"]
[SourceTitle "CBM 144"]
[Source "ChessBase"]
[SourceDate "2011.09.16"]
[SourceVersion "1"]
[SourceVersionDate "2011.09.16"]
[SourceQuality "1"]

1. d4 Nf6 2. c4 e6 3. Nf3 d5 4. Nc3 dxc4 {In der Mehrzahl meiner Partien in
Dortmund gingen meine Gegner einem Duell in einer Hauptvariante aus dem Weg.}
5. Qa4+ (5. e4) 5... c6 6. Qxc4 b5 7. Qd3 a6 $1 {Ich denke diese Variante
zieht 5.Qa4 den Zahn.} 8. e4 (8. Bg5 c5 9. Bxf6 $5 {ist ein neuerer Versuch
von Wang Hao, der zu zweischneidigen Stellungen führt.}) 8... c5 {Nach eigener
Aussage improvisierte Liem am Brett. Er konnte natürlich nicht wissen, dass
ich damit schon im Internet-Blitz auf schach.de konfrontiert wurde! Er hatte
wohl einfach darauf gehofft dass ich nicht zur Wiener Variante und nach 5.Qa4+
wenigstens nicht zu 7...a6 greifen würde...} 9. e5 ({Üblich ist} 9. dxc5 Bxc5
10. Qxd8+ Kxd8 {aber Weiß erreicht dort regelmäßig nichts.} {Und der scharfe
Versuch} 11. e5 Ng4 12. Bg5+ Ke8 13. O-O-O {geht nach hinten los:} Nd7 14. Ne4
Bb7 15. Nxc5 Nxc5 16. Bh4 Ne4 17. Rd4 Rc8+ 18. Kb1 Nexf2 19. h3 Nxh1 20. hxg4
h5 21. g5 g6 22. Be2 Ke7 23. Be1 h4 24. Nxh4 Rhd8 25. Rf4 Ng3 26. Bxg3 Rd2 27.
Bg4 Rcc2 {0-1 Navara,D (2672)-Kramnik,V (2788)/Prague 2008/CBM 124 Extra (36)})
9... Nd5 $146 (9... cxd4 10. Nxb5 axb5 11. exf6 Nc6 {ist schwer zu beurteilen
und ich wusste, dass Schwarz nach 9...Nd5 nichts zu befürchten hat.}) 10. Bg5
Qb6 $1 11. Nxd5 exd5 12. dxc5 Bxc5 {Strukturell hat Weiß keinerlei Vorteil,
denn der Pe5 ist anfällig, gleichzeitig muss er sich schon konkreten Problemen
widmen.} 13. Qc2 Nc6 ({Eine gute Alternative bestand in} 13... Bg4 $5 14. Bd3
Bxf3 15. gxf3 {dies schätzte ich als nur symbolisch schlechter für Weiß ein.})
(13... h6 $2 14. Be3) 14. Rc1 Bb4+ 15. Bd2 Nd4 $5 {Die dahinterstehende Idee
verführte mich zu diesem Zug, während objektiv betrachtet ...Bxd2+ vorzuziehen
war.} (15... Bxd2+ $142 16. Qxd2 O-O 17. Bd3 (17. Be2 Bb7 18. O-O Rae8) 17...
Bg4 (17... Nxe5 18. Nxe5 Re8 19. f4 f6 20. Qf2 Qxf2+ 21. Kxf2 fxe5 22. fxe5
Rxe5 23. Rhe1 $132) 18. Bxh7+ Kxh7 19. Qc2+ Kg8 20. Qxc6 Qa5+ 21. Qc3 Qxa2 22.
O-O Rac8 23. Qd2 Bxf3 24. gxf3 {mit einem Endspiel, in dem der schwarze
Vorteil wohl auch symbolisch bleiben wird.}) 16. Nxd4 (16. Qxc8+ $4 Rxc8 17.
Rxc8+ Kd7 18. Rxh8 Qc6 $1 $19) 16... Qxd4 17. Bxb4 Qxb4+ 18. Qc3 Qe4+ 19. Be2
O-O 20. f3 Qh4+ 21. g3 Qh6 $6 (21... Qh3 {nagelt den Bauern auf h2 fest und
gibt Weiß keinerlei Hoffnung auf Vorteil.}) 22. Kf2 Be6 23. Qd4 (23. h4 $142 d4
24. Qxd4 Rfd8 $5 (24... Bxa2 25. Rhd1 Qe6) 25. Qe3 Rd2 $132) 23... Rac8 24. Rc3
Rxc3 25. bxc3 Rc8 {Schwarz ist bereit, mit f7-f6 den Damentausch einzuleiten,
wonach auf einmal der ganze weiße Damenflügel schwach wird. Weiß macht nun ein
paar genaue Züge, um das Gleichgewicht zu wahren.} (25... f6 {wäre verfrüht:}
26. exf6 Qxf6 27. Qxf6 Rxf6 28. Ke3 d4+ 29. cxd4 Bxa2 30. Bd3) 26. h4 f6 27. a4
$1 {Weiß tauscht potentielle Schwächen ab und liquidiert damit zum Remis.} bxa4
28. Ra1 fxe5 29. Qxe5 Bf7 {Noch ein kleiner Versuch Verwirrung zu stiften,
denn ...Qd2 wird ermöglicht.} 30. Qd4 {Lässt keine Spielereien zu.} Qc6 31.
Rxa4 Qxc3 32. Qxc3 Rxc3 33. Rxa6 Kf8 34. Ra8+ Ke7 35. Ra7+ Kf8 36. Ra8+ Ke7 37.
Ra7+ Kf8 38. Ra8+ 1/2-1/2

[Event "Metz op 31th"]
[Site "Metz"]
[Date "2013.04.23"]
[Round "6"]
[White "Sanikidze, Tornike"]
[Black "Doluhanova, Evgeniya"]
[Result "1-0"]
[WhiteElo "2559"]
[BlackElo "2332"]
[Annotator "Metz Alekhine/Primel,D"]
[PlyCount "65"]
[EventDate "2013.04.20"]
[EventType "swiss"]
[EventRounds "9"]
[EventCountry "FRA"]
[SourceTitle "EXT 2016"]
[Source "ChessBase"]
[SourceDate "2015.10.08"]
[SourceVersion "1"]
[SourceVersionDate "2015.10.08"]
[SourceQuality "1"]
[TimeControl "40/5400:1800+30"]
[WhiteClock "1:30:00"]
[BlackClock "1:30:00"]

1. d4 d5 2. c4 e6 3. Nf3 Nf6 4. Nc3 c6 5. Qb3 (5. Bg5 h6 6. Bh4 dxc4 7. e4 g5
8. Bg3 b5 9. Be2 Bb7 10. O-O (10. h4) 10... Nbd7 11. Ne5 Bg7 12. Nxd7 Nxd7 13.
Bd6 {[%csl Re8]} a6 14. a4 b4 15. Nb1 Nf6 16. e5 Ne4 17. Bxb4 c5 18. dxc5 Bxe5
19. Na3 Qc7 20. Nxc4 Bxh2+ 21. Kh1 Rd8 {Van Wely,L (2693)-So,W (2706)
Hoogeveen Unive Crown 17th 2013 (4) 0-1} (21... Qf4 22. Nd6+ Nxd6 23. Qxd6 Qxd6
24. cxd6 Bf4 {Martinovic})) 5... Nbd7 6. Bg5 Qa5 7. Bd2 Qb6 8. Qc2 Bb4 9. e3
O-O 10. Bd3 Qd8 $6 $146 {03 coups de Q dans les 10 premiers coups pour revenir
à la position initiale?} (10... dxc4 11. Bxc4 c5 $132 {Ivanov,M (2461)
-Sarakauskas,G (2381) Schwarzach op-A 2000 (8) 1/2}) 11. O-O (11. O-O-O $5 $32
{[%cal Gg2g4,Gg4g5]} dxc4 12. Bxc4 Be7 13. g4 Nxg4 14. Rhg1 $44 Nxf2 15. Rdf1)
11... dxc4 12. Bxc4 Bd6 13. Rad1 $32 Qe7 14. Rfe1 (14. e4 e5) 14... b5 15. Bd3
Bb7 16. e4 e5 $8 17. Bg5 h6 18. Bh4 Rfd8 {Les Blancs n'ont pas réussi à
profiter de l'avance de développement et les Noirs sont proches de
l'égalité.} 19. Ne2 $1 Bb4 20. Rf1 a6 21. a3 Bd6 22. Ng3 {[%csl Gh6][%cal
Gg3f5]} g6 (22... g5 $2 23. Nf5 Qf8 24. Bg3 $36) 23. Qc1 (23. dxe5 $142 {
Semblait plus naturel pour tenter de profiter du centre Blanc} Nxe5 24. Nxe5
Qxe5 (24... Bxe5 25. f4 Bd4+ 26. Kh1 c5 $2 27. e5 $40) 25. f4 Qc5+ 26. Kh1 Qxc2
27. Bxc2 Be7 28. e5 Nd5 29. Bxe7 Nxe7 30. Ne4 {[%csl Rb7]}) 23... Kh7 24. Nh1 {
Bizarre} c5 25. dxe5 Bxe5 (25... Nxe5 26. Nxe5 Bxe5 27. f4) 26. Bb1 Qe6 27.
Nxe5 Nxe5 28. f4 Neg4 $6 (28... Rxd1 $142 29. Rxd1 Nc4) 29. Rxd8 Rxd8 30. h3
Rd4 31. hxg4 Nxe4 32. f5 Qd7 33. fxg6+ 1-0

[Event "Antwerp op"]
[Site "Antwerp"]
[Date "1996.??.??"]
[Round "5"]
[White "Piket, Jeroen"]
[Black "Novikov, Igor A"]
[Result "1-0"]
[WhiteElo "2580"]
[BlackElo "2585"]
[Annotator "Meulders,R"]
[PlyCount "87"]
[EventDate "1996.07.??"]
[EventType "swiss"]
[EventRounds "9"]
[EventCountry "BEL"]
[SourceTitle "EXT 1997"]
[Source "ChessBase"]
[SourceDate "1996.11.15"]
[SourceVersion "1"]
[SourceVersionDate "1996.11.15"]
[SourceQuality "1"]

1. d4 d5 2. c4 e6 3. Nf3 Nf6 4. Nc3 c6 5. Bg5 h6 6. Bxf6 Qxf6 7. e3 Nd7 8. Bd3
g6 9. O-O dxc4 10. Bxc4 Bg7 11. Rc1 O-O 12. Re1 Qe7 13. e4 e5 14. d5 Nb6 15.
dxc6 $1 bxc6 (15... Nxc4 16. Nd5 Qd6 17. Rxc4 bxc6 18. Rxc6 $1 $18) 16. Bb3 Rd8
17. Qc2 Bd7 $6 (17... Bg4) 18. h3 Be8 19. Na4 Nxa4 20. Bxa4 Rab8 21. Re3 Qb4
22. b3 Rbc8 23. Rc3 Rd6 24. Qe2 {Wegen der beschraenkten Aktivitaet der
schwarzen Lauefer und der geschwaechten Bauernstellung steht Weiss klar besser.
} Qb6 25. Rc5 Re6 26. a3 Bf8 27. Rxe5 Bxa3 $2 (27... Rxe5 28. Nxe5 Bxa3) 28.
Rxe6 fxe6 {Die schwarze Koenigsstellung ist jetzt eine Ruine.} 29. Rc2 Bf8 30.
e5 $1 Rd8 31. Qc4 Rd5 32. Qg4 Bf7 33. Rxc6 $1 Rd1+ 34. Kh2 Qxf2 35. Rc8 {
Droht vernichtend 36.Db4} Qb6 36. Qh4 {Und jetzt droht entweder Dxh6 oder De7.}
Qb7 37. Rxf8+ $1 Kxf8 38. Qxh6+ Ke7 39. Qh4+ Kf8 40. Ng5 Bg8 41. Qf4+ Kg7 $2 (
41... Bf7 42. Nxe6+ Kg8 43. Qf6 Bxe6 44. Qxg6+ Kf8 45. Qxe6 {und der Gewinn
kann Weiss nicht mehr entgehen.}) 42. Qf6+ Kh6 43. Be8 Qg7 44. Nf7+ 1-0

[Event "Khanty-Mansiysk FIDE GP"]
[Site "Khanty-Mansiysk"]
[Date "2015.05.22"]
[Round "8"]
[White "Grischuk, Alexander"]
[Black "Karjakin, Sergey"]
[Result "1-0"]
[WhiteElo "2780"]
[BlackElo "2753"]
[Annotator "Mikhalchishin,A"]
[PlyCount "81"]
[EventDate "2015.05.14"]
[EventType "tourn"]
[EventRounds "11"]
[EventCountry "RUS"]
[EventCategory "21"]
[SourceTitle "CBM 167"]
[Source "ChessBase"]
[SourceDate "2015.07.13"]
[SourceVersion "1"]
[SourceVersionDate "2015.07.13"]
[SourceQuality "1"]

1. d4 {[%emt 0:00:27]} Nf6 {[%emt 0:00:05]} 2. c4 {[%emt 0:00:13]} e6 {[%emt 0:
00:05]} 3. Nf3 {[%emt 0:00:04]} d5 {[%emt 0:00:05]} 4. Nc3 {[%emt 0:00:10]} c6
{[%emt 0:00:03]} 5. Bg5 {[%emt 0:00:28]} h6 {[%emt 0:00:08]} 6. Bh4 {[%emt 0:
00:02]} dxc4 {[%emt 0:00:05]} 7. e4 {[%emt 0:00:03]} g5 {[%emt 0:00:05]} 8. Bg3
{[%emt 0:00:03]} b5 {[%emt 0:00:05]} 9. Be2 {[%emt 0:00:07]} Bb7 {[%emt 0:00:
10]} 10. e5 {[%emt 0:00:08] Grischuk is one of the top experts in the Moscow
Gambit, but he trwas trying this line for the first time! It was somewhat
popular in 2009-2013, but 10.h4 remains the main line. But nobody remembers
that this move was introduced by Garry Kasparov!} Nd5 {[%emt 0:00:57]} 11. O-O
{[%emt 0:00:15]} ({Possible is} 11. Nd2 Nd7 12. h4 Nxc3 13. bxc3 c5 14. hxg5
cxd4 15. g6 fxg6 16. Bh5 Rg8 17. Qg4 Qe7 18. Bxg6+ Rxg6 19. Qxg6+ Qf7 20. Qxf7+
Kxf7 21. cxd4 Bxg2 22. Rh4 {Salem,A (2469)-Grigoriants,S (2566)/Pardubice 2010,
White stays just slightly better.}) 11... Nxc3 {[%emt 0:02:03]} ({Before
Grischuk|s opponent played here} 11... Nd7 12. Nd2 Qb6 13. a4 a6 14. Nde4 O-O-O
15. Bh5 Rh7 16. axb5 cxb5 17. Nxd5 exd5 18. Nd6+ Bxd6 19. exd6 Nf6 20. Bg4+
Nxg4 21. Qxg4+ Kb8 22. Qf5 {Mamedyarov,S (2742)-Karjakin,S (2727)/Moscow 2008,
with a winning position.}) 12. bxc3 {[%emt 0:02:31]} c5 {[%emt 0:00:02]} 13. a4
{[%emt 0:23:34]} a6 {[%emt 0:05:46]} 14. Qb1 {[%emt 0:00:54] A typical
manoeuvre with the idea of recovering the sacrificed pawn.} ({Here} 14. axb5 {
has been tried:} axb5 15. Rxa8 Bxa8 16. Qb1 Bc6 17. Rd1 Nd7 18. d5 Bxd5 19.
Rxd5 exd5 20. e6 Bg7 21. Bd6 Qb6 22. exd7+ Kxd7 {Wukits,R (2293)-Kilgus,G 
(2443)/Vienna 2014 (27), Black's pawn group is very dangerous.}) ({Black was
promised good counterplay after} 14. dxc5 Qxd1 15. Rfxd1 Bxc5 16. axb5 axb5 17.
Rxa8 Bxa8 18. Rb1 Nd7 19. Rxb5 Bc6 20. Ra5 O-O 21. Nd2 Rb8) 14... g4 {[%emt 0:
08:12]} (14... Qd7 {was clearly worse:} 15. axb5 axb5 16. Rxa8 Bxa8 17. Bxc4)
15. Nh4 {[%emt 0:04:14]} cxd4 {[%emt 0:28:39]} ({The first move to check was} 
15... Be7 16. Ng6 fxg6 17. Qxg6+ Kd7 18. dxc5 Qg8 19. Qb1 Kc8 20. axb5 axb5 21.
c6 Bxc6 22. Rxa8 Bxa8 23. Qxb5 Qe8 24. Qxc4+ Qc6 25. Qxc6+ Bxc6 26. Bxg4 Bd7 {
in this position three pawns for a piece allow White just to hold, not more.})
16. axb5 {[%emt 0:17:05]} ({There was a different way which was not worse:} 16.
Bxc4 Qc8 17. Be2 dxc3 18. axb5 Nd7 19. Rc1 axb5 20. Bxb5 Ra3 21. Qd3) 16... d3
{[%emt 0:03:12]} 17. Bxg4 {[%emt 0:04:40] The position is totally unbalanced,
but in such cases sooner or later the safety of one's own king position will
decide!} a5 {[%emt 0:21:04]} 18. Bf3 {[%emt 0:22:33] The bishop on b7 is too
strong and must be exchanged.} Bxf3 {[%emt 0:05:02]} 19. Nxf3 {[%emt 0:00:26]}
Qd5 {[%emt 0:00:01]} ({A very promising line was} 19... Nd7 20. Nd2 Nb6 21. Ne4
Be7 22. Nd6+ Bxd6 23. exd6 Qg5 24. Qd1 Nd5) 20. Ra4 {[%emt 0:07:32] White has
no other realistic target to attack.} Nd7 {[%emt 0:00:13]} 21. Qa2 {[%emt 0:00:
09] Black doesn't want to give up his c4-pawn, but maybe he should have.} Nb6
$2 {[%emt 0:02:48]} ({It was necessary to be realistic:} 21... Qxb5 22. Rb1 Qd5
23. Nd2 Be7 24. Qxc4 Qxc4 25. Nxc4 O-O {with good chances to save the game.})
22. Rxa5 {[%emt 0:00:11]} Rxa5 {[%emt 0:00:06]} 23. Qxa5 {[%emt 0:00:05]} Bc5 {
[%emt 0:00:05]} 24. Qa2 $1 {[%emt 0:02:40] White understood that the queen has
to be urgently transferred to the other side. The extra pawn does not
guarantee anything, as Black holds an important asset - the passed d3-pawn.}
O-O {[%emt 0:06:23]} 25. Qd2 {[%emt 0:06:47]} Kh7 {[%emt 0:00:05]} 26. Re1 {
[%emt 0:01:06]} Be7 {[%emt 0:07:29]} ({I would try the more active} 26... Rg8
27. Kf1 Rg4) 27. Bf4 {[%emt 0:09:11]} Rg8 {[%emt 0:00:36]} 28. Kh1 {[%emt 0:00:
29]} Bf8 {[%emt 0:12:01]} 29. Be3 $6 {[%emt 0:03:14]} ({A better option was to
start with} 29. Rb1) 29... Nd7 {[%emt 0:01:14]} 30. Bd4 {[%emt 0:00:19]} Qxb5 {
[%emt 0:00:08] White gave up the pawn, but now it is time to create some
threats against the opponent's king.} 31. Qf4 {[%emt 0:00:20]} Bg7 $2 {[%emt 0:
02:33] This move is simply bad. But the endgame would be anyhow better for
White.} (31... Rg7 32. Nd2 Qd5 33. f3 Be7 34. g3 Bg5 35. Qe4+ Qxe4 36. Nxe4 Rg8
37. f4) 32. Qxf7 {[%emt 0:01:29]} Qd5 {[%emt 0:00:01]} 33. Nd2 $6 {[%emt 0:01:
23]} ({Better was} 33. Nh4 d2 34. Qg6+ Kh8 35. Rf1 Nxe5 36. Qc2 Nd3 37. Qxd2)
33... Rf8 {[%emt 0:00:22]} 34. Qe7 {[%emt 0:00:03]} Rf5 $6 {[%emt 0:00:19]} (
34... Nb8 $1 {Such backward moves are very difficult to see even for top
players. The threat Nc6-d4 would be very unpleasant.}) 35. Re3 {[%emt 0:04:38]}
({Even better was} 35. Re4 Nf8 36. f3) 35... Rg5 {[%emt 0:03:16]} ({A funny
draw was} 35... Nxe5 36. Rg3 Rf7 37. Qxf7 Nxf7 38. Rxg7+ Kh8 39. Bf6 Qf5 40.
Rg6+ Kh7 41. Rg7+ Kh8 42. Rg6+) 36. Rg3 {[%emt 0:00:25]} Nxe5 {[%emt 0:02:29]}
({A good chance was} 36... Rxg3 37. hxg3 Nb8 $1 38. f4 Nc6 39. Qc7 Nxd4 40.
cxd4 Qxd4 41. Qxc4) 37. Rxg5 {[%emt 0:00:25]} hxg5 {[%emt 0:00:01]} 38. Nxc4 $6
{[%emt 0:01:05] A brave decision in deep time trouble. Grischuk calculated
this very well.} ({A very technical decision would be} 38. h4 g4 39. Kh2) 38...
Kg6 {[%emt 0:01:10]} 39. Qe8+ {[%emt 0:00:11]} Nf7 $4 {[%emt 0:00:25] A
terrible time trouble blunder.} ({After the correct} 39... Kh6 40. Ne3 d2 $1
41. h3 $1 Qb3 42. Kh2 d1=Q 43. Nxd1 Qxd1 44. Qxe6+ {it is probably a draw.})
40. Qg8 $1 {[%emt 0:00:00] A terrible pin - material losses are inevitable!} e5
41. Nxe5+ {1-0 (41) Grischuk,A (2780)-Karjakin,S (2753) Khanty-Mansiysk 2015}
1-0

[Event "Shenzhen FIDE GP (Women)"]
[Site "Shenzhen"]
[Date "2011.09.17"]
[Round "9"]
[White "Cmilyte, Viktorija"]
[Black "Muzychuk, Anna"]
[Result "0-1"]
[WhiteElo "2525"]
[BlackElo "2545"]
[Annotator "Mikhalchishin,A"]
[PlyCount "50"]
[EventDate "2011.09.07"]
[EventType "tourn"]
[EventRounds "11"]
[EventCountry "CHN"]
[EventCategory "10"]
[SourceTitle "CBM 145"]
[Source "ChessBase"]
[SourceDate "2011.11.11"]
[SourceVersion "1"]
[SourceVersionDate "2011.11.11"]
[SourceQuality "1"]
[TimeControl "5400"]
[WhiteClock "0:00:00"]
[BlackClock "0:00:25"]

1. Nf3 d5 2. d4 Nf6 3. c4 c6 4. Nc3 e6 5. Bg5 h6 6. Bxf6 Qxf6 7. e3 g6 8. Bd3
Bg7 9. e4 dxe4 10. Nxe4 Qd8 11. c5 O-O 12. Nd6 ({It is possible to try to hold
the centre differently, but this way does not promise anything real to White:} 
12. Bc4 b6 13. O-O (13. b4 bxc5 14. bxc5 Ba6 15. Rc1 Bxc4 16. Rxc4 Qd5 17. Qe2
Nd7 18. Nc3 Qf5 19. O-O Rfb8 20. Re1 a5 21. h3 Rb4 22. g4 Qf4 23. Kg2 e5 24. a3
Rxc4 25. Qxc4 exd4 {1/2 Zakhartsov,V (2608)-Collas,D (2418)/Benasque 2010.
With very unclear play.} {as it was possible to try an aggressive way here:}
26. Nd5 $1) 13... bxc5 14. Nxc5 Nd7 15. b4 a5 16. a3 Rb8 17. Rb1 axb4 18. axb4
Nb6 19. Bd3 Nd5 20. Qd2 Qd6 21. Rfd1 Rd8 22. Bf1 Ne7 23. Ne4 Qc7 24. Qc3 Nf5
25. Rd2 Bd7 26. g3 Be8 27. Nc5 Qd6 28. Rbd1 Ne7 29. Rb1 Nd5 30. Qc4 {0-1
Mkrtchian,L (2463)-Aghasaryan,R (2337)/Kajaran 2011. White will keep the two
weaknesses on d4 and b4 against Black's weakness on c6.}) 12... b6 13. O-O {
Of course, it is always recommended to castle as soon as possible, but in
positions, where the centre is under fire it is possible to check out other
serious options:} (13. Qa4 $6 bxc5 14. dxc5 Bxb2 15. Rb1 Bc3+ 16. Ke2 Qc7 17.
h4 Nd7 18. Qc2 Bg7 19. h5 g5 20. Rhd1 Rb8 21. Qc4 Rxb1 22. Bxb1 Nf6 {0-1 Garza
Marco,S (2452)-Adla,D (2498)/Zaragoza 2010. White has no real compensation for
the pawn.}) (13. b4 Nd7 14. O-O a5 15. Qa4 b5 16. Qa3 e5 17. Be4 Ra6 18. dxe5 (
{It was stronger to exploit the pin for a tactical attack:} 18. Qb3 $1 axb4 19.
Bxg6) 18... axb4 19. Qxb4 Nxe5 20. Rad1 Qf6 21. Nxe5 Qxe5 22. Rfe1 Qc3 {
0-1 Hillarp Persson,T (2576)-Rasmussen,K (2429)/Denmark 2010. Black moves into
an endgame with a few unpleasant white weaknesses.}) 13... bxc5 14. dxc5 Nd7 ({
Of course, it is always necessary to check what happens after the primitive
pawn capture:} 14... Bxb2 15. Rb1 Bg7 16. Qa4 Qc7 17. h4 ({Simple
centralisation looks better:} 17. Rfd1 Nd7 18. Be4 Nxc5 19. Qxc6 Qxc6 20. Bxc6)
17... Nd7 18. Qa3 Rd8 19. Bc4 Bf8 $1 {Continuing the correct strategy of
attacking the opponent's most powerful piece - the d6-knight.} 20. h5 Nxc5 21.
Qxc5 Qxd6 22. Qxd6 Rxd6 23. hxg6 fxg6 24. Rfd1 Kf7 25. Ne5+ Kf6 26. Rxd6 Bxd6
27. Nxc6 Bc7 28. Rb3 Bd7 29. Rb7 Bh2+ 30. Kxh2 Bxc6 31. Rc7 Bd5 32. Kg3 Bxc4
33. Rxc4 Rd8 34. Ra4 Rd7 35. Ra5 $1 {1/2 Beliavsky,A (2634)-Kornev,A (2507)/
Moscow 2011. White has placed his rook so powerfully, that Black has no real
chances to play for a win with his extra pawn.}) 15. Qc2 Rb8 16. b3 ({White
tries to make the play sharper, as simple development does not promise a bed
of roses here:} 16. Rab1 Qa5 17. Rfc1 Qxa2 18. Bc4 Qa5 19. Nxf7 Rxf7 20. Bxe6
Ne5 21. Bxf7+ Kxf7 22. Nxe5+ Bxe5 23. b4 Rxb4 24. Rxb4 Qxb4 25. Qa2+ Kf8 26.
Rd1 Qxc5 27. Qd2 Kg7 28. Qd8 Be6 {0-1 Illescas Cordoba,M (2591)-Gelfand,B 
(2756)/Lugo ESP 2009}) 16... Bxa1 17. Rxa1 Qa5 {This is a novelty. Previously
another good option was tried:} (17... Qf6 18. Rd1 Bb7 19. Qc1 Ba8 20. Qe3 Kg7
21. h4 Rbd8 22. b4 Nb6 23. Nxf7 ({It was bette to create a strong passed pawn
in the place of the knight on d6:} 23. Be4 Nc4 24. Qc1 Nxd6 25. cxd6) 23...
Rxf7 24. cxb6 Rd5 25. Re1 Qf4 26. Qe2 axb6 27. Bc4 Rd6 28. Qb2+ Qf6 29. Ne5 c5
30. Re3 Rd4 31. Qe2 Rd1+ 32. Kh2 Qxh4+ {0-1 Ragger,M (2561)-Gustafsson,J (2622)
/Solingen GER 2009}) 18. Rc1 ({The sacrifice on g6 would have allowed White a
perpetual!} 18. Bxg6 Qxc5 19. Bxf7+ Rxf7 20. Qg6+ Rg7 21. Qxe6+ Kh7 22. Qe4+
Kh8 23. Qe8+ Rg8 24. Qe7 Rg7 {, but Cmilyte was in an aggressive mood.}) 18...
Qxc5 $1 ({White would have a very serious compensation for the exchange, if
Black did not try to simplify the position:} 18... Kg7 19. Nd4 Bb7 20. Qb2 Nf6
21. h4) 19. Nxc8 Qa3 $1 20. Bxg6 $2 ({A sensible move keeping the initiative
was} 20. Bc4 Rfxc8 (20... Rd8 {is much weaker:} 21. Bxe6 Nf8 22. Bh3 f5 23.
Nxa7 Qxa7 24. Ne5 Rbc8 25. Nxg6 $1 Nxg6 26. Bxf5 Ne5 27. Be6+ Kh8 28. Qc3 Qg7
29. Bxc8 Rxc8 30. f4 {and White will keep very good chances in the endgame
with three pawns for the knight.}) 21. Bxe6 fxe6 22. Qxg6+ Kf8 23. Rd1 Qe7 24.
Qxh6+ Ke8 25. Qg6+ {and White can secure perpetual here, as any black try to
avoid it is dangerous.} Kd8 26. Ne5 Rc7 27. Qg8+ Qe8 28. Qg5+ Kc8 $2 (28... Qe7
29. Qg8+ Qe8 30. Qg5+ $11) 29. Nc4 {with unpleasant threats.}) 20... Rbxc8 ({
There was also another possible capture:} 20... Rfxc8) 21. b4 {White has no
special compensation for the exchange and Cmilyte tries to make some waves,
but in vain.} Qxb4 22. Rb1 Qc5 23. Qe4 Kg7 24. Nd4 Qd5 ({Or} 24... Nf6 25.
Nxe6+ fxe6 26. Rb7+ Kh8) 25. Qg4 Ne5 0-1